| 000 | 01795cam a2200373 a 4500 | ||
|---|---|---|---|
| 003 | OSt | ||
| 005 | 20150408114004.0 | ||
| 008 | 080424s2009 su g 000r0 ara c | ||
| 020 | _a9789960686301 (مجموعة) | ||
| 020 | _a9789960686318 (ج. 1) | ||
| 020 | _a9789960686325 (ج. 2) | ||
| 020 | _a9789960686332 (ج. 3) | ||
| 020 | _a9789960686349 (ج. 4) | ||
| 020 | _a9789960686356 (ج. 5) | ||
| 020 | _a9789960686363 (ج. 6) | ||
| 020 | _a9789960686370 (ج. 7) | ||
| 020 | _a9789960686387 (ج. 8) | ||
| 040 |
_amu _bara _cmb |
||
| 082 | 0 | 4 |
_a237.3 _bب ع ت _221 |
| 100 | 1 |
_aالبسام، عبد الله بن عبد الرحمن بن صالح، _d1346-1424 هـ. |
|
| 245 | 1 | 0 |
_aتوضيح الأحكام من بلوغ المرام / _cعبد الله بن عبد الرحمن بن صالح البسام ؛ مراجعة بسام بن عبد الله البسام. |
| 250 | _aط. 2. | ||
| 260 |
_aالرياض : _bدار الميمان للنشر والتوزيع، _c[2009] |
||
| 300 |
_a8 مج. (630 ؛ 694 ؛ 672 ؛ 694 ؛ 692 ؛ 528 ؛ 666 ؛ 304 ص.) ؛ _c24 × 17 سم. |
||
| 440 |
_aالمؤلفات الكاملة _v4 _99177 |
||
| 490 | 1 |
_aالمؤلفات الكاملة ؛ _v4 |
|
| 650 | 7 |
_aالحديث _xأحكام _2aucsh _9430 |
|
| 650 | 7 |
_aالحديث _xجوامع الفنون _2aucsh |
|
| 700 | 1 |
_aالبسام، بسام العبد الله _eمراجع. _91186 |
|
| 700 | 1 | 2 |
_aابن حجر العسقلاني، أحمد بن علي بن محمد، _d773-852 هـ. _tبلوغ المرام من أدلة الأحكام. _91187 |
| 740 | 0 | 2 | _aبلوغ المرام من أدلة الأحكام. |
| 800 | 1 |
_aالبسام، عبد الله بن عبد الرحمن بن صالح، _d1346-1424 هـ. _tالمؤلفات الكاملة _v4 _91188 |
|
| 942 |
_2ddc _cREF |
||
| 999 |
_c20445 _d254945 |
||